50 biggest cities in the world 2023 - Statistics

General Stats
  • This quiz has been taken 201 times
  • The average score is 31 of 50
Answer Stats
Population City % Correct
37,194,000 Tokyo
97%
18,937,000 New York City
90%
32,941,000 Delhi
88%
11,208,000 Paris
88%
21,297,000 Mumbai
86%
21,766,000 Beijing
85%
22,281,000 Mexico City
85%
22,183,000 Cairo
84%
12,534,000 Los Angeles
84%
13,728,000 Rio
84%
9,321,000 Ho Chi Minh
83%
12,680,000 Moscow
83%
15,946,000 Lagos
82%
19,013,000 Osaka
82%
22,620,000 São Paulo
82%
11,249,000 Jakarta
81%
29,211,000 Shanghai
81%
11,070,000 Bangkok
75%
15,848,000 Istanbul
75%
9,988,000 Seoul
75%
15,490,000 Buenos Aires
74%
8,937,000 Chicago
72%
9,500,000 Tehran
70%
14,284,000 Guangzhou
68%
11,508,000 Bogota
66%
11,204,000 Lima
66%
23,210,000 Dhaka
65%
14,667,000 Manila
64%
17,236,000 Karachi
63%
16,316,000 Kinshasa
57%
8,718,000 Wuhan
57%
13,608,000 Bangalore
53%
13,073,000 Shenzhen
53%
9,654,000 Chengdu
51%
10,801,000 Hyderabad
50%
8,622,000 Kuala Lumpur
50%
13,979,000 Lahore
50%
8,785,000 Xian
50%
17,341,000 Chongqing
46%
14,239,000 Tianjin
44%
9,569,000 Nagoya
43%
8,237,000 Hangzhou
37%
9,698,000 Nanjing
36%
9,292,000 Luanda
30%
7,776,000 Dar es Salaam
28%
15,333,000 Calcutta
27%
8,065,000 Surat
17%
8,074,000 Suzhou
10%
8,651,000 Ahmadabad
7%
11,776,000 Madras
6%
No matching quizzes found
Score Distribution
Percent of People with Each Score
Percentile by Number Answered
Your Score History
You have not taken this quiz